000 00605cam a22002053a 4500
001 39873
003 PGUSA
005 20140828083904.0
008 120531s2012||||xxu|||||s|||||000 | eng d
040 _aPGUSA
_beng
042 _adc
100 1 _aAllies, T. W.
_q(Thomas William),
_d1813-1903
245 1 4 _aThe Formation of Christendom, Volume II
_h[electronic resource] /
_cT. W. Allies
260 _bProject Gutenberg,
_c2012
506 _aPublic domain in the USA.
516 _aElectronic text
830 0 _aProject Gutenberg
_v39873
856 4 0 _uhttp://www.gutenberg.org/ebooks/39873
942 _cEB
999 _c269126
_d269126